000 00301nam a2200121 a 4500
008 101213s1962|||| d
245 1 0 _aHovoríme o tanečnej hudbe
100 1 _aDoružka, Lubomír
260 _bOsvetový ústav
_aBratislava
_c1962
020 _c10
044 _axo
_cSK
041 _aslo
999 _c15182
_d15182